Gioconda africana (Record no. 188321)
[ view plain ]
| 000 -LEADER | |
|---|---|
| campo de control de longitud fija | 00735nam a2200181 i 4500 |
| 001 - NÚMERO DE CONTROL | |
| campo de control | 188321 |
| 003 - IDENTIFICADOR DE NÚMERO DE CONTROL | |
| campo de control | ES-MaACL |
| 005 - FECHA Y HORA DE LA ÚLTIMA TRANSACCIÓN | |
| campo de control | 20230906223153.0 |
| 008 - DATOS DE LONGITUD FIJA--INFORMACIÓN GENERAL | |
| campo de control de longitud fija | 180807q1975 it |||| | ita d |
| 100 1# - ENTRADA PRINCIPAL--NOMBRE DE PERSONA | |
| Nombre de persona | Fiume, Salvatore. |
| 9 (RLIN) | 51079 |
| 245 10 - MENCIÓN DEL TÍTULO | |
| Título | Gioconda africana |
| Resto del título | : [omaggio all' Africa di Salvatore Fiume] / |
| Mención de responsabilidad, etc. | [Enzo Gualazzi ; Salvatore Fiume]. |
| 260 ## - PUBLICACIÓN, DISTRIBUCIÓN, ETC. | |
| Lugar de publicación, distribución, etc. | [S.l. : |
| Nombre del editor, distribuidor, etc. | s.n., |
| Fecha de publicación, distribución, etc. | ca. 1975] ( |
| Lugar de fabricación/manufactura | Osnago [Italia] : |
| Fabricante | Officina Graf. Morell) |
| 300 ## - DESCRIPCIÓN FÍSICA | |
| Extensión | [8] p. ; |
| Dimensiones | 71 cm. |
| 505 8# - NOTA DE CONTENIDO CON FORMATO | |
| Nota de contenido con formato | Contiene: ; |
| Título | Je me suis réveille / |
| Mención de responsabilidad | di Léopold Sédar Senghor, dedicata... alla mostra di Salvatore Fiume al Palazzo Reale di Milano |
| 700 1# - ENTRADA AGREGADA--NOMBRE PERSONAL | |
| Nombre de persona | Gualazzi, Enzo. |
| 9 (RLIN) | 60288 |
| 700 1# - ENTRADA AGREGADA--NOMBRE PERSONAL | |
| Nombre de persona | Senghor, Léopold Sédar. |
| 9 (RLIN) | 105467 |
| 852 ## - LOCALIZACIÓN | |
| Ubicación | ES-MaACL |
| Número de control de estantería | GF-96 |
| Estatus retirado | Estado de pérdida | Estado de daño | No para préstamo | Biblioteca de origen | Biblioteca actual | Ubicación en estantería | Fecha de adquisición | Fuente de adquisición | Total de préstamos | Signatura topográfica completa | Código de barras | Visto por última vez | Precio de reemplazo | Tipo de ítem Koha |
|---|---|---|---|---|---|---|---|---|---|---|---|---|---|---|
| Biblioteca del Ateneo de Madrid | Biblioteca del Ateneo de Madrid | Depósito 2 | 07/08/2018 | GF-96 | 1199195 | 23/02/2023 | 23/02/2023 | Libro impreso |
